Výskum procesu trenia pri objemovom tvárnení = Study of the friction process in bulk forming : Diplomová práca

Guardado en:
Detalles Bibliográficos
Autor principal: Florkovičová, Renáta (Autor)
Otros Autores: Ulík, Anton, 1945- (xxx)
Formato: Manuscrito Libro
Lenguaje:eslovaco
Publicado: Trnava : STU v Bratislave MTF UVTE KT, 2009
Materias:
Etiquetas: Agregar Etiqueta
Sin Etiquetas, Sea el primero en etiquetar este registro!

MARC

LEADER 00000ntm a22000003a 4500
001 stu190315
005 20160719155942.6
008 090922s2009----xo------------------slo-d
040 |a STU  |b slo 
041 0 |a slo 
044 |a xo 
100 1 |a Florkovičová, Renáta  |4 aut 
245 1 |a Výskum procesu trenia pri objemovom tvárnení = Study of the friction process in bulk forming :  |b Diplomová práca 
260 |a Trnava :  |b STU v Bratislave MTF UVTE KT,  |c 2009 
300 |a 64 s  |c príl., 1 CD-ROM 
500 |a Študijný odbor: 5.2.51 výrobné technológie 
500 |a Študijný program: tvárnenie 
650 7 |a trenie  |2 stusub 
650 7 |a mazanie  |2 stusub 
650 7 |a meranie trenia  |2 stusub 
700 1 |a Ulík, Anton,  |d 1945-  |4 xxx  |u M150  |U MTF Ústav výrobných technológií  |T MTF Katedra tvárnenia  |X 211  |U M150  |Y M150  |7 A000000211 
996 |b 284M070904  |c M*DP-8391  |l MMSKP  |s P  |a 0  |w stu190315_0001